000 00510nam a2200169Ia 4500
005 20250508155647.0
008 008 250505s9999 xx 000 0 hin d
037 _aBooks to be hide in OPAC
040 _aFEDL
_beng
_cFEDL
041 _ahin
_2hin
084 _a371.2, NCE/O
_qFEDL
245 0 _aSanstha niyogan ki rashtriya sangoshthi ka prativedan
260 _aBhopal, India
_bKshetriya Shiksha Mahavidyalaya
300 _a116p.
942 _cHB
_h371.2, NCE/O
999 _c1358606
_d1358606